L'Empire napoléonien : Une expérience européenne ? (notice n° 1925605)

détails MARC
000 -LEADER
fixed length control field 01885cam a2200169 4500500
005 - DATE AND TIME OF LATEST TRANSACTION
control field 20260329023225.0
041 ## - LANGUAGE CODE
Language code of text/sound track or separate title fre
042 ## - AUTHENTICATION CODE
Authentication code dc
100 10 - MAIN ENTRY--PERSONAL NAME
Personal name Antoine, François
Relator term author
245 00 - TITLE STATEMENT
Title L'Empire napoléonien : Une expérience européenne ?
260 ## - PUBLICATION, DISTRIBUTION, ETC.
Name of publisher, distributor, etc. Armand Colin,<br/>
Date of publication, distribution, etc. 2014.<br/>
520 ## - SUMMARY, ETC.
Summary, etc. Que l’Empire napoléonien fut un temps marquant de l’histoire de l’Europe est une évidence admise. Sa nature, ses suites, et particulièrement son héritage européen, sont en revanche sujet à débat : l’Empire reste-t-il une première expérience de construction européenne ? Ou n’est-ce qu’une expérience de domination politique et militaire ? Dès le XIXe siècle, le débat se lit jusque dans les gravures et tableaux. D’un côté, l’empereur donne des lois communes aux nations de l’Europe (couverture) ; de l’autre, l’aigle impérial emporte dans ses serres un empereur pantin, au-dessus d’une Europe émiettée (page 4). Visions certainement trop univoques pour une histoire en recherche. Cet ouvrage propose de revenir à l’expérience impériale elle-même, dans sa dimension européenne. En une trentaine de contributions portant sur différents territoires, il interroge à la fois les conceptions de l’Europe formulées dans l’entourage napoléonien ou par le tsar d’Alexandre Ier et les pratiques concrètes des administrateurs, des militaires ou des populations, dans des domaines comme les langues, la monnaie, la guerre, la justice, etc. Le parcours invite à un diagnostic nuancé, à inscrire dans une histoire de l’Europe qui doit faire davantage place à la vie de ses peuples.
700 10 - ADDED ENTRY--PERSONAL NAME
Personal name Jessenne, Jean-Pierre
Relator term author
700 10 - ADDED ENTRY--PERSONAL NAME
Personal name Leuwers, Hervé
Relator term author
700 10 - ADDED ENTRY--PERSONAL NAME
Personal name Jourdan, Anne
Relator term author
856 41 - ELECTRONIC LOCATION AND ACCESS
Uniform Resource Identifier <a href="https://shs.cairn.info/l-empire-napoleonien--9782200287771?lang=fr&redirect-ssocas=7080">https://shs.cairn.info/l-empire-napoleonien--9782200287771?lang=fr&redirect-ssocas=7080</a>

Pas d'exemplaire disponible.

PLUDOC

PLUDOC est la plateforme unique et centralisée de gestion des bibliothèques physiques et numériques de Guinée administré par le CEDUST. Elle est la plus grande base de données de ressources documentaires pour les Étudiants, Enseignants chercheurs et Chercheurs de Guinée.

Adresse

627 919 101/664 919 101

25 boulevard du commerce
Kaloum, Conakry, Guinée

Réseaux sociaux

Powered by Netsen Group @ 2025